ბათუმის შოთა რუსთაველის სახელმწიფო უნივერსიტეტის ბიბლიოთეკა

Ботаника. Систематика высших или наземетных растении (ბიბ.ჩანაწერი № 35045)

000 -LEADER
fixed length control field 00890nam a2200253Ia 4500
001 - CONTROL NUMBER
control field 885
003 - CONTROL NUMBER IDENTIFIER
control field GE_BSU
008 - FIXED-LENGTH DATA ELEMENTS--GENERAL INFORMATION
fixed length control field 181216s||||||||xx |||||||||||||| ||und||
020 ## - INTERNATIONAL STANDARD BOOK NUMBER
International Standard Book Number 5769521414
040 ## - CATALOGING SOURCE
Transcribing agency GE_BSU
080 ## - UNIVERSAL DECIMAL CLASSIFICATION NUMBER
Universal Decimal Classification number 582(075.8)
100 ## - MAIN ENTRY--PERSONAL NAME
Personal name Еленевский,А.Г.;Соловьева,М.П.;Тихомиров,В.Н.
245 ## - TITLE STATEMENT
Title Ботаника. Систематика высших или наземетных растении
245 ## - TITLE STATEMENT
Remainder of title Уч-к для студ. высш.педагогич.учебн.завед. по спец. "биология
250 ## - EDITION STATEMENT
Edition statement 4-е испр.
260 ## - PUBLICATION, DISTRIBUTION, ETC.
Place of publication, distribution, etc. Москва
260 ## - PUBLICATION, DISTRIBUTION, ETC.
Name of publisher, distributor, etc. Академия
260 ## - PUBLICATION, DISTRIBUTION, ETC.
Date of publication, distribution, etc. 2006
300 ## - PHYSICAL DESCRIPTION
Extent 464стр.
653 ## - INDEX TERM--UNCONTROLLED
Uncontrolled term Ботаника. Систематика высших или наземных растении
653 ## - INDEX TERM--UNCONTROLLED
Uncontrolled term ბოტანიკა
942 ## - ADDED ENTRY ELEMENTS (KOHA)
Koha item type წიგნი
ეგზემპლარები
Withdrawn status Lost status Damaged status Not for loan Date acquired Barcode Date last seen Price effective from Koha item type Public note
        2018-12-17 2464 2018-12-17 2018-12-17 წიგნი დარბაზი